[Event "Moscow-ch Men 2019"]
[Site "Moscow"]
[Date "2019.04.07"]
[Round "9.10"]
[White "Yeritsyan, Aram"]
[Black "Kozionov, Kirill"]
[Result "0-1"]
[WhiteElo "2301"]
[BlackElo "2441"]
[Annotator "TA"]
[PlyCount "132"]
[EventDate "2019.03.30"]
[EventType "swiss"]
[EventCountry "RUS"]
[SourceTitle "playchess.com"]
[Source "ChessBase"]
[SourceQuality "1"]

{[%evp 9,132,0,10,0,15,9,14,0,11,5,16,11,0,0,8,3,15,5,14,8,33,29,42,24,22,19,12,19,41,28,43,30,68,64,55,47,57,61,67,-36,-34,-38,-36,-220,-224,-212,-216,-216,-207,-220,-218,-207,-191,-218,-139,-146,-133,-283,-272,-305,-283,-321,-310,-310,-310,-364,-318,-5346,-4872,-29985,-315,-458,-310,-464,-464,-457,-457,-457,-457,-457,-457,-505,-457,-457,-457,-457,-457,-458,-458,-458,-458,-465,-465,-465,-465,-465,-458,-491,-473,-6070,-591,-1818,-1725,-1154,-931,-5720,-359,-359,0,-5252,-5093,-5077,-3424,-29972,-29973,-29973,-29974,-29971,-29974,-29977,-29978,-29980,-29981,-29979,-29980]} 1. e4 e5 2. Bc4 Nc6 3. Nc3 Nf6 4. d3 Na5 5. Qf3 d6 6. a4 {C28: Vienna Game: 2...Nf6 3 Bc4 Nc6} Nxc4 (6... Bg4 {is more complex.} 7. Qg3 Nxc4 8. dxc4 Be7 9. Nge2 Be6) 7. dxc4 Be7 8. Nge2 {The position is equal.} O-O 9. O-O Bg4 $146 ({Predecessor:} 9... Be6 10. b3 Nd7 11. Ng3 Bg5 12. Nf5 Bxc1 13. Raxc1 {½-½ (49) Artemiev,V (2692)-Radjabov,T (2742) Tbilisi 2017}) 10. Qd3 c6 11. Ng3 Qa5 12. Bd2 Qc7 13. Bg5 Rad8 14. f4 d5 (14... exf4 {keeps more tension.} 15. Rxf4 Qa5 16. Nf5 Bxf5 17. Rxf5 Qc7) 15. cxd5 cxd5 16. Bxf6 dxe4 17. Qxe4 Bxf6 18. f5 Qb6+ 19. Kh1 Rd4 ({Much weaker is} 19... Qxb2 $6 20. Nb5 $18) 20. Qe3 Qxb2 21. h3 Qxc2 22. Rac1 Rd3 23. Rxc2 Rxe3 24. Nce4 ({Only move:} 24. Nge4 $14) 24... Bh4 $15 {And now ...Bxh3 would win.} 25. Kh2 {[#]} Bh5 $1 {[%mdl 512]} 26. Rc4 $2 (26. Rfc1 $1 $15) (26. Nxh5 Rxe4) 26... Bxg3+ $19 {[%mdl 64] Remove Defender} 27. Nxg3 {[#]} Rxg3 $1 {[%mdl 64] Remove Defender} 28. Kxg3 {[%mdl 4096] Endgame Black must now prevent Rc7. KRR-KRB} Be2 $1 {[%csl LRc4,LRf1][%mdl 64] Double Attack} 29. Rfc1 {Strongly threatening Re4.} Bxc4 30. Rxc4 {KR-KR} Rb8 31. Rc7 f6 32. a5 a6 33. Kf3 (33. Kg4 $17) 33... h6 34. Kg4 Kh7 35. h4 b6 36. axb6 Rxb6 37. Kh5 e4 38. Re7 $2 (38. Kg4 Rb2 39. g3) 38... Rb5 39. Rxe4 Rxf5+ (39... g6+ $142 40. Kg4 gxf5+ 41. Kf4 fxe4 42. Kxe4 a5 43. Ke3 a4 44. g4 a3 45. Kd3 a2 46. Kc4 Rb1 47. g5 a1=Q 48. g6+ Kxg6 49. Kd3 Rb3+ 50. Kc4 Qc3+ 51. Kd5 Kf7 52. h5 Rb4 53. Kd6 Rd4#) 40. Kg4 Rb5 {...f5+ is the strong threat.} 41. Re7 (41. Ra4 $142 a5 42. Kf3) 41... h5+ 42. Kf3 Rb3+ 43. Kf2 Ra3 44. Ra7 Kh6 45. g3 a5 46. Ra6 Kg6 47. Ra7 Ra1 48. Kf3 Ra2 49. Ke3 a4 50. Kf3 Ra1 51. Kg2 a3 52. Kf3 Ra2 53. Ke3 Kf5 54. Rxg7 (54. Kf3 $142) 54... Rb2 (54... Ra1 $142 {Hoping for ...a2.} 55. Ra7 a2 56. g4+ Kxg4) 55. Kf3 Rb3+ 56. Kg2 Ke4 57. g4 Rb2+ $2 (57... hxg4 58. Rxg4+ Kd3) 58. Kg3 Rb3+ $2 (58... hxg4 59. Ra7 a2 60. Ra4+ Kd3) 59. Kg2 $1 hxg4 60. Rxg4+ Kd3 61. h5 a2 {Black mates.} 62. Ra4 Rb2+ 63. Kg3 Kc2 64. Ra6 Rb3+ 65. Kg4 Kb2 66. h6 a1=Q {Accuracy: White = 36%, Black = 66%.} 0-1

[Event "Moscow-ch Men 2019"]
[Site "Moscow"]
[Date "2019.04.07"]
[Round "9.11"]
[White "Dragomarezkij, Evgeni"]
[Black "Smirnov, Timofey"]
[Result "0-1"]
[WhiteElo "2386"]
[BlackElo "2345"]
[Annotator "NA"]
[PlyCount "142"]
[EventDate "2019.03.30"]
[EventType "swiss"]
[EventCountry "RUS"]
[SourceTitle "playchess.com"]
[Source "ChessBase"]
[SourceQuality "1"]
[TimeControl "5400+30"]

1. c4 {[%emt 0:23:01]} c6 {[%emt 0:00:00]} 2. Nf3 {[%emt 0:00:10]} d5 {[%emt 0:00:00]} 3. e3 {[%emt 0:00:24]} Bg4 {[%emt 0:00:00]} 4. Qb3 {[%emt 0:06:44]} Qc7 {[%emt 0:00:00]} 5. d4 {[%emt 0:01:26]} Bxf3 {[%emt 0:00:53]} 6. gxf3 {[%emt 0:00:09]} e6 {[%emt 0:00:14]} 7. Nd2 {[%emt 0:00:41]} Nf6 {[%emt 0:00:51]} 8. f4 {[%emt 0:02:44]} Nbd7 {[%emt 0:00:45]} 9. cxd5 {[%emt 0:03:08]} Nxd5 {[%emt 0:04:23]} 10. Bg2 {[%emt 0:00:55]} Be7 11. Ne4 {[%emt 0:02:17]} Qb6 {[%emt 0:08:56]} 12. Qa4 {[%emt 0:02:37]} Bb4+ {[%emt 0:03:59]} 13. Bd2 {[%emt 0:05:31]} Bxd2+ {[%emt 0:00:09]} 14. Nxd2 {[%emt 0:00:12]} O-O {[%emt 0:00:05]} 15. Rb1 {[%emt 0:07:03]} Rfd8 {[%emt 0:03:54]} 16. O-O {[%emt 0:01:42]} Rac8 {[%emt 0:04:20]} 17. Rfc1 {[%emt 0:00:52]} a6 {[%emt 0:05:03]} 18. b4 {[%emt 0:05:09]} Qc7 {[%emt 0:04:38]} 19. Qb3 {[%emt 0:04:03]} N7f6 {[%emt 0:01:18]} 20. a4 {[%emt 0:01:39]} Qe7 {[%emt 0:02:03]} 21. Nf3 {[%emt 0:04:26]} Ne4 {[%emt 0:01:21]} 22. Rb2 {[%emt 0:01:12]} Nd6 $11 {[%emt 0:00:47]} 23. Bf1 {[%emt 0:01:39]} h6 {[%emt 0:03:25]} 24. Kh1 {[%emt 0:00:44]} Kh8 {[%emt 0:01:00]} 25. Bd3 {[%emt 0:00:44]} Rg8 {[%emt 0:02:15]} 26. Rg1 {[%emt 0:01:34]} Qc7 {[%emt 0:00:15]} 27. Ne5 {[%emt 0:01:50]} g6 {[%emt 0:03:24]} 28. Qc2 {[%emt 0:01:04]} Ne7 {[%emt 0:01:48]} 29. Qc5 {[%emt 0:01:35]} Rg7 {[%emt 0:01:56]} 30. b5 {[%emt 0:00:26]} b6 {[%emt 0:04:01]} 31. Qc2 {[%emt 0:02:19]} cxb5 {[%emt 0:01:32]} 32. Qxc7 {[%emt 0:00:10]} Rxc7 {[%emt 0:00:02]} 33. axb5 {[%emt 0:00:32]} a5 {[%emt 0:01:17]} 34. Nc6 {[%emt 0:04:22]} Nd5 {[%emt 0:01:27]} 35. Rb3 {[%emt 0:02:29]} Rg8 {[%emt 0:00:54]} 36. Kg2 {[%emt 0:00:10]} Nc8 {[%emt 0:09:03]} 37. Be4 {[%emt 0:01:18]} Nce7 {[%emt 0:00:03]} 38. Bxd5 {[%emt 0:02:50]} Nxd5 {[%emt 0:00:09]} 39. Rc1 {[%emt 0:02:45]} Rgc8 {[%emt 0:01:29]} 40. Rc4 {[%emt 0:00:32]} Kg7 {[%emt 0:01:33]} 41. Kf3 {[%emt 0:00:25]} f5 {[%emt 0:00:13]} 42. h4 {[%emt 0:00:30]} Kf6 {[%emt 0:01:30]} 43. e4 {[%emt 0:02:54]} fxe4+ {[%emt 0:01:24]} 44. Kxe4 {[%emt 0:00:01]} h5 {[%emt 0:00:22]} 45. Rc1 {[%emt 0:02:09]} Ne7 {[%emt 0:01:39]} 46. Rcb1 {[%emt 0:00:18]} Nf5 {[%emt 0:00:52]} 47. Rh1 {[%emt 0:00:12]} Nd6+ {[%emt 0:00:36]} 48. Kd3 {[%emt 0:00:02]} Nxb5 {[%emt 0:01:12]} 49. Rxb5 {[%emt 0:00:01]} Rxc6 {[%emt 0:00:02]} 50. Rhb1 {[%emt 0:00:02]} Rc2 {[%emt 0:01:45]} 51. d5 {[%emt 0:00:24]} R2c3+ {[%emt 0:03:07]} 52. Ke2 {[%emt 0:00:12]} Rc2+ {[%emt 0:05:10]} 53. Kf3 {[%emt 0:00:02]} R8c3+ {[%emt 0:00:09]} 54. Kg2 {[%emt 0:00:23]} exd5 {[%emt 0:00:38]} 55. Rxb6+ {[%emt 0:00:49]} Rc6 {[%emt 0:01:00]} 56. R1b5 {[%emt 0:00:33]} a4 {[%emt 0:03:13]} 57. Rxc6+ {[%emt 0:00:26]} Rxc6 {[%emt 0:00:03]} 58. Ra5 {[%emt 0:00:08]} Rc4 {[%emt 0:02:04]} 59. Kf3 {[%emt 0:02:03]} Ke6 {[%emt 0:00:42]} 60. Ke3 {[%emt 0:00:32]} Re4+ {[%emt 0:00:06]} 61. Kf3 {[%emt 0:00:05]} Rd4 {[%emt 0:02:08]} 62. Ke3 {[%emt 0:00:11]} Rb4 {[%emt 0:00:10]} 63. Ra8 {[%emt 0:00:43]} Kf5 {[%emt 0:05:42]} 64. Rf8+ {[%emt 0:00:19]} Kg4 {[%emt 0:00:02]} 65. f3+ {[%emt 0:00:32]} Kxh4 {[%emt 0:02:26]} 66. Rg8 {[%emt 0:00:28]} Rb6 {[%emt 0:01:46]} 67. f5 {[%emt 0:00:51]} Rb3+ {[%emt 0:01:28]} 68. Kf4 {[%emt 0:00:17]} g5+ {[%emt 0:00:36]} 69. Ke5 {[%emt 0:00:04]} Rxf3 {[%emt 0:00:07]} 70. Rd8 {[%emt 0:01:54]} g4 {[%emt 0:00:26]} 71. Rxd5 {[%emt 0:00:44]} g3 {[%emt 0:00:06] Kf4} 0-1

[Event "Moscow-ch Men 2019"]
[Site "Moscow"]
[Date "2019.04.07"]
[Round "9.12"]
[White "Gubajdullin, Alexei"]
[Black "Geivondian, Arman"]
[Result "1-0"]
[WhiteElo "2344"]
[BlackElo "2388"]
[Annotator "NA"]
[PlyCount "95"]
[EventDate "2019.03.30"]
[EventType "swiss"]
[EventCountry "RUS"]
[SourceTitle "playchess.com"]
[Source "ChessBase"]
[SourceQuality "1"]
[TimeControl "5400+30"]

1. d4 {[%emt 0:00:00]} c5 {[%emt 0:17:11]} 2. c3 {[%emt 0:01:04]} cxd4 {[%emt 0:00:13]} 3. cxd4 {[%emt 0:00:02]} d5 {[%emt 0:00:07]} 4. Nc3 {[%emt 0:00:25]} e5 {[%emt 0:00:04]} 5. dxe5 {[%emt 0:08:03]} d4 {[%emt 0:00:02]} 6. Ne4 {[%emt 0:00:21]} Nc6 {[%emt 0:00:02]} 7. Nd6+ {[%emt 0:03:25]} Bxd6 {[%emt 0:00:12]} 8. exd6 {[%emt 0:00:01]} Qxd6 {[%emt 0:02:01]} 9. e4 f5 {[%emt 0:07:18]} 10. Qh5+ {[%emt 0:32:01]} g6 {[%emt 0:05:28]} 11. Qe2 {[%emt 0:00:08]} Nf6 {[%emt 0:02:45]} 12. e5 $1 {[%emt 0:02:13]} Qxe5 $11 {[%emt 0:03:03]} 13. Qxe5+ {[%emt 0:00:14]} Nxe5 {[%emt 0:00:02]} 14. Bf4 {[%emt 0:00:19]} Nc6 {[%emt 0:02:01]} 15. Bc4 {[%emt 0:02:51]} Ne4 {[%emt 0:17:18]} 16. Nf3 {[%emt 0:14:04]} Ke7 {[%emt 0:03:49]} 17. Rd1 {[%emt 0:10:16]} Rd8 {[%emt 0:15:56]} 18. Ng5 {[%emt 0:01:33]} h6 {[%emt 0:01:41]} 19. Nxe4 {[%emt 0:04:22]} fxe4 {[%emt 0:00:01]} 20. Bxh6 {[%emt 0:00:02]} Bg4 {[%emt 0:00:20]} 21. Bg5+ {[%emt 0:00:48]} Kd6 {[%emt 0:00:25]} 22. Rd2 {[%emt 0:01:56]} Rf8 {[%emt 0:02:55]} 23. O-O {[%emt 0:02:52]} Rf5 {[%emt 0:04:22]} 24. Bh4 {[%emt 0:00:11]} Rc5 {[%emt 0:00:35]} 25. Bf7 {[%emt 0:02:11]} Bf5 {[%emt 0:07:01]} 26. b4 {[%emt 0:00:25]} Rb5 {[%emt 0:00:34]} 27. a3 {[%emt 0:00:01]} d3 {[%emt 0:01:56]} 28. Bg3+ {[%emt 0:02:25]} Kd7 {[%emt 0:00:01]} 29. Re1 {[%emt 0:02:37]} Nd4 {[%emt 0:04:48]} 30. Bc4 {[%emt 0:00:10]} Rb6 {[%emt 0:00:08]} 31. f3 {[%emt 0:00:23]} Rc8 {[%emt 0:02:35]} 32. fxe4 {[%emt 0:00:51]} Rxc4 {[%emt 0:00:02]} 33. exf5 {[%emt 0:03:28]} Nxf5 {[%emt 0:00:07]} 34. Rxd3+ {[%emt 0:00:07]} Kc6 {[%emt 0:00:48]} 35. Re6+ {[%emt 0:06:05]} Kb5 {[%emt 0:00:01]} 36. Re5+ {[%emt 0:00:23]} Kc6 {[%emt 0:00:00]} 37. Re6+ {[%emt 0:00:48]} Kb5 {[%emt 0:00:01]} 38. Re5+ {[%emt 0:00:04]} Kc6 {[%emt 0:00:05]} 39. b5+ {[%emt 0:01:23]} Rxb5 {[%emt 0:00:31]} 40. Re6+ {[%emt 0:00:12]} Kc5 {[%emt 0:00:04]} 41. Bf2+ {[%emt 0:00:07]} Nd4 {[%emt 0:00:21]} 42. h4 {[%emt 0:01:10]} g5 {[%emt 0:03:11]} 43. hxg5 {[%emt 0:00:40]} Kd5 {[%emt 0:00:20]} 44. Re8 {[%emt 0:00:19]} Rb1+ {[%emt 0:00:49]} 45. Kh2 {[%emt 0:00:15]} Rb5 {[%emt 0:00:28]} 46. g6 {[%emt 0:00:41]} Rb6 {[%emt 0:00:08]} 47. Rd8+ {[%emt 0:00:25]} Ke4 {[%emt 0:00:36]} 48. R8xd4+ {[%emt 0:00:10] Kd5} 1-0

[Event "Moscow-ch Men 2019"]
[Site "Moscow"]
[Date "2019.04.07"]
[Round "9.13"]
[White "Savenkov, Konstantin"]
[Black "Tunik, Sergey"]
[Result "1-0"]
[WhiteElo "2373"]
[BlackElo "2167"]
[Annotator "NA"]
[PlyCount "76"]
[EventDate "2019.03.30"]
[EventType "swiss"]
[EventCountry "RUS"]
[SourceTitle "playchess.com"]
[Source "ChessBase"]
[SourceQuality "1"]
[TimeControl "5400+30"]

1. e4 {[%emt 0:13:38]} e6 {[%emt 0:00:00]} 2. d3 {[%emt 0:00:37]} d5 {[%emt 0:00:00]} 3. Nd2 {[%emt 0:00:04]} c5 {[%emt 0:00:08]} 4. g3 {[%emt 0:00:37]} Nc6 {[%emt 0:00:16]} 5. Bg2 {[%emt 0:00:21]} g6 {[%emt 0:01:47]} 6. Ne2 {[%emt 0:05:51]} Bg7 {[%emt 0:00:21]} 7. O-O {[%emt 0:02:32]} Nf6 {[%emt 0:04:31]} 8. exd5 {[%emt 0:03:08]} exd5 {[%emt 0:05:16]} 9. Nb3 {[%emt 0:01:24]} b6 10. c4 {[%emt 0:04:07]} Bb7 {[%emt 0:14:44]} 11. Nc3 {[%emt 0:09:04]} d4 {[%emt 0:05:14]} 12. Re1+ {[%emt 0:00:22]} Kf8 {[%emt 0:00:11]} 13. Nd5 {[%emt 0:01:00]} Qd7 {[%emt 0:12:56]} ({Better is} 13... h6 $14) 14. Bf4 $2 {[%emt 0:05:48]} (14. Bg5 $18 Ng8 15. Bh4) 14... Nxd5 {[%emt 0:10:36]} (14... h6 $1 $11 {keeps the balance.}) 15. Bxd5 {[%emt 0:01:40]} h6 $16 {[%emt 0:05:59]} 16. Qf3 {[%emt 0:02:57]} Kg8 {[%emt 0:04:59]} 17. h4 {[%emt 0:05:17]} Kh7 {[%emt 0:01:52]} 18. Nd2 {[%emt 0:00:12]} Rhe8 {[%emt 0:09:50]} 19. Ne4 {[%emt 0:01:11]} Nd8 {[%emt 0:11:55]} 20. Nd6 {[%emt 0:18:42]} Rxe1+ {[%emt 0:00:26]} 21. Rxe1 {[%emt 0:00:03]} Bxd5 {[%emt 0:04:00]} 22. cxd5 {[%emt 0:03:12]} Nb7 {[%emt 0:00:30]} 23. Nc4 {[%emt 0:01:21]} b5 {[%emt 0:03:39]} 24. Ne5 {[%emt 0:03:09]} Bxe5 {[%emt 0:00:10]} 25. Bxe5 {[%emt 0:00:13]} Qf5 {[%emt 0:00:07]} 26. Qxf5 {[%emt 0:01:25]} gxf5 {[%emt 0:00:04]} 27. Bc7 {[%emt 0:00:17]} Kg7 {[%emt 0:01:58]} 28. d6 {[%emt 0:06:25]} Kf8 {[%emt 0:00:16]} 29. d7 {[%emt 0:00:47]} c4 {[%emt 0:00:04]} 30. dxc4 {[%emt 0:00:22]} bxc4 {[%emt 0:00:05]} 31. Re5 {[%emt 0:00:51]} c3 {[%emt 0:00:22]} 32. bxc3 {[%emt 0:01:11]} dxc3 {[%emt 0:00:04]} 33. Re3 {[%emt 0:01:24]} c2 {[%emt 0:00:54]} 34. Rc3 {[%emt 0:00:05]} Ke7 {[%emt 0:00:36]} 35. Rxc2 {[%emt 0:00:04]} Kxd7 {[%emt 0:00:15]} 36. Bf4 {[%emt 0:00:03]} Na5 {[%emt 0:01:48]} 37. Rc7+ {[%emt 0:00:16]} Ke6 {[%emt 0:00:15]} 38. Bd2 {[%emt 0:00:14]} Kd5 1-0

[Event "Moscow-ch Men 2019"]
[Site "Moscow"]
[Date "2019.04.07"]
[Round "9.14"]
[White "Tsoi, Dmitry"]
[Black "Spichkin, Alexander"]
[Result "0-1"]
[WhiteElo "2340"]
[BlackElo "2197"]
[Annotator "NA"]
[PlyCount "54"]
[EventDate "2019.03.30"]
[EventType "swiss"]
[EventCountry "RUS"]
[SourceTitle "playchess.com"]
[Source "ChessBase"]
[SourceQuality "1"]
[TimeControl "5400+30"]

1. f4 {[%emt 0:01:54]} Nh6 {[%emt 0:00:00]} 2. Nf3 {[%emt 0:00:06]} e6 {[%emt 0:00:00]} 3. g3 {[%emt 0:00:10]} b6 {[%emt 0:00:17]} 4. Bg2 {[%emt 0:00:05]} Bb7 {[%emt 0:00:04]} 5. O-O {[%emt 0:00:12]} Nf5 {[%emt 0:00:15]} 6. Qe1 {[%emt 0:00:38]} d5 {[%emt 0:00:14]} 7. d3 {[%emt 0:00:06]} Bc5+ {[%emt 0:00:28]} 8. e3 {[%emt 0:00:10]} a5 {[%emt 0:00:40]} 9. g4 {[%emt 0:00:50]} Ne7 {[%emt 0:00:38]} 10. a3 {[%emt 0:01:14]} h5 {[%emt 0:00:43]} 11. h3 {[%emt 0:01:11]} hxg4 {[%emt 0:00:14]} 12. hxg4 {[%emt 0:00:06]} Ng6 {[%emt 0:00:18]} 13. Qg3 {[%emt 0:02:21]} Nh4 {[%emt 0:01:17]} 14. b3 {[%emt 0:04:28]} Nd7 {[%emt 0:01:00]} 15. Ra2 {[%emt 0:05:56]} Qe7 {[%emt 0:02:53]} 16. c3 {[%emt 0:00:15]} (16. Nxh4 $17 {is a better defense.} Qxh4 17. Qxh4 Rxh4 18. d4) 16... Nxf3+ {[%emt 0:02:22]} 17. Bxf3 {[%emt 0:01:01]} g5 {[%emt 0:01:29]} 18. d4 {[%emt 0:19:57]} Bd6 {[%emt 0:02:12]} 19. c4 {[%emt 0:02:19]} f5 {[%emt 0:04:58]} 20. cxd5 {[%emt 0:08:03]} fxg4 {[%emt 0:02:16]} 21. Qxg4 {[%emt 0:02:20] Double Attack} Bxd5 {[%emt 0:04:31]} 22. fxg5 $2 {[%emt 0:09:12]} (22. Bxd5 $15 exd5 23. Nc3 (23. fxg5 Qh7 $17)) 22... O-O-O {[%emt 0:00:41]} 23. Nc3 {[%emt 0:10:34]} Bxf3 {[%emt 0:06:16]} 24. Qxf3 $2 {[%emt 0:07:41]} (24. Rxf3 Rdg8 25. e4) 24... Qxg5+ $19 {[%emt 0:05:29]} 25. Rg2 {[%emt 0:10:40]} Qh4 {[%emt 0:00:58]} 26. Qa8+ {[%emt 0:01:20]} Nb8 {[%emt 0:00:06]} 27. Qe4 {[%emt 0:00:21]} Qh1+ {[%emt 0:02:08]} 0-1

[Event "Moscow-ch Men 2019"]
[Site "Moscow"]
[Date "2019.04.07"]
[Round "9.15"]
[White "Makarian, Rudik"]
[Black "Yarygin, Maksim"]
[Result "1-0"]
[WhiteElo "2354"]
[BlackElo "2204"]
[Annotator "NA"]
[PlyCount "117"]
[EventDate "2019.03.30"]
[EventType "swiss"]
[EventCountry "RUS"]
[SourceTitle "playchess.com"]
[Source "ChessBase"]
[SourceQuality "1"]
[TimeControl "5400+30"]

1. Nf3 {[%emt 0:26:18]} g6 {[%emt 0:00:22]} 2. c4 {[%emt 0:00:13]} c5 {[%emt 0:00:12]} 3. Nc3 {[%emt 0:00:05]} Bg7 {[%emt 0:00:02]} 4. g3 {[%emt 0:00:10]} Nc6 {[%emt 0:00:06]} 5. Bg2 {[%emt 0:00:06]} e5 {[%emt 0:00:59]} 6. d3 {[%emt 0:00:14]} Nge7 {[%emt 0:00:07]} 7. Rb1 {[%emt 0:00:10]} O-O {[%emt 0:00:15]} 8. O-O {[%emt 0:00:07]} d6 {[%emt 0:03:40]} 9. a3 {[%emt 0:00:24]} a5 {[%emt 0:00:39]} 10. Ne1 {[%emt 0:00:09]} Be6 {[%emt 0:00:18]} 11. Nc2 {[%emt 0:00:23]} d5 {[%emt 0:00:51]} 12. cxd5 {[%emt 0:01:16]} Nxd5 {[%emt 0:00:06]} 13. Ne4 {[%emt 0:01:48]} Qe7 {[%emt 0:06:41] A37: Symmetrical English vs ...g6: 4 Bg2 Bg7 5 Nf3} (13... b6 14. Bd2 h6 15. b4 cxb4 16. axb4 a4 17. Na3 Nd4 18. Nc3 Nxc3 19. Bxc3 Bb3 20. Qd2 Rc8 21. Rfc1 {0-1 (29) Sonis,F (2499)-Lodici,L (2456) Salerno 2018}) 14. Ne3 {[%emt 0:00:34]} Rfd8 $146 ({Predecessor:} 14... Nxe3 15. Bxe3 Nd4 16. Rc1 b6 17. b4 cxb4 18. axb4 axb4 19. Rb1 Ra2 20. Bd2 b3 21. Nc3 {0-1 (33) Kobeshavidze,L (1937)-Khurtsilava,I (2290) Tbilisi 2013}) 15. Nxd5 {[%emt 0:00:35]} Bxd5 {[%emt 0:05:17]} 16. Bg5 f6 {[%emt 0:00:30]} 17. Be3 {[%emt 0:01:04]} Nd4 18. Bxd4 {[%emt 0:00:39]} cxd4 {[%emt 0:10:27]} 19. Nd2 {[%emt 0:00:26]} Bf7 {[%emt 0:00:54]} 20. Qa4 {[%emt 0:03:44]} Qd7 {[%emt 0:02:49]} 21. Qxd7 {[%emt 0:00:33]} Rxd7 {[%emt 0:01:16]} 22. Rfc1 {[%emt 0:04:16]} Bh6 {[%emt 0:00:41]} 23. Ne4 {[%emt 0:00:06]} Kg7 {[%emt 0:02:10]} 24. Nc5 {[%emt 0:01:12]} Re7 {[%emt 0:04:07]} 25. Rd1 {[%emt 0:01:12]} Ra7 {[%emt 0:05:36]} 26. b4 {[%emt 0:00:18] [#]} b6 {[%emt 0:02:53]} ({Better is} 26... a4 $1 $17 27. Ne4 Bb3) 27. Ne4 {[%emt 0:00:21]} a4 {[%emt 0:03:10]} 28. Nd6 {[%emt 0:01:21]} Bb3 {[%emt 0:01:15]} 29. Nc8 {[%emt 0:02:20]} Bxd1 {[%emt 0:02:19]} 30. Rxd1 {[%emt 0:00:10]} Rac7 {[%emt 0:05:37]} 31. Nxe7 {[%emt 0:03:53]} Rxe7 {[%emt 0:00:04]} 32. Bc6 {[%emt 0:04:43]} Rc7 {[%emt 0:00:14]} 33. b5 $11 {[%emt 0:01:10]} Kh8 {[%emt 0:00:26]} 34. Kg2 {[%emt 0:00:39]} Bf8 {[%emt 0:00:12]} 35. Rc1 {[%emt 0:01:16]} Ra7 {[%emt 0:00:30]} 36. Ra1 {[%emt 0:04:33]} Bc5 {[%emt 0:04:26]} 37. Kf3 {[%emt 0:00:07]} Kg7 {[%emt 0:00:03]} 38. Ke4 {[%emt 0:00:07]} Kf7 {[%emt 0:00:31]} 39. Kd5 {[%emt 0:00:41]} Kg7 {[%emt 0:01:25]} 40. h4 {[%emt 0:02:18]} Re7 {[%emt 0:01:09]} 41. Rc1 {[%emt 0:00:36]} e4 {[%emt 0:10:06]} 42. dxe4 {[%emt 0:05:24]} Re5+ {[%emt 0:01:04]} 43. Kc4 {[%emt 0:00:06]} Bxa3 {[%emt 0:00:19]} 44. Rb1 {[%emt 0:05:08]} Bc5 {[%emt 0:13:28]} 45. Ra1 {[%emt 0:05:25]} a3 {[%emt 0:00:52]} 46. f4 {[%emt 0:00:26]} Re7 {[%emt 0:00:04]} 47. Kb3 {[%emt 0:00:21]} h6 {[%emt 0:04:02]} 48. Bd5 {[%emt 0:04:46]} Bd6 {[%emt 0:04:44]} 49. Rc1 {[%emt 0:01:45]} Rc7 {[%emt 0:02:19]} 50. Rc6 {[%emt 0:04:34]} Rxc6 {[%emt 0:00:40]} 51. bxc6 {[%emt 0:00:02]} b5 {[%emt 0:00:18]} 52. g4 {[%emt 0:04:45]} g5 {[%emt 0:01:25]} 53. e5 {[%emt 0:00:09]} fxe5 {[%emt 0:00:03]} 54. fxg5 {[%emt 0:00:02]} hxg5 {[%emt 0:01:13]} 55. h5 {[%emt 0:00:01]} e4 {[%emt 0:02:22]} 56. Bxe4 {[%emt 0:00:09]} Kf8 {[%emt 0:00:14]} 57. Bd3 {[%emt 0:00:49]} b4 {[%emt 0:02:12]} 58. Bb1 {[%emt 0:00:14]} Ke7 {[%emt 0:00:08]} 59. Ba2 1-0